Southville International School and Colleges
Your cart is empty.
  • Cart
  • Lists
    Public lists Eva Luna New books Lux_list list_1
    Your lists Log in to create your own lists
  • Log in to your account
  • Your cookies
  • Search history
Southville International School and Colleges
  • Advanced search
  • Recent comments
  • Most popular
  • Libraries

Log in to your account

Log in with GOOGLE


If you do not have an external account, but do have a local account, you can still log in:

  1. Home
  2. MARC view: Designing world class corporate strategies :
Normal view MARC view ISBD view

Designing world class corporate strategies : (Record no. 2030)

[ view plain ]
MARC details
000 -LEADER
fixed length control field 00747nam a22002177a 4500
003 - CONTROL NUMBER IDENTIFIER
control field UUm
005 - DATE AND TIME OF LATEST TRANSACTION
control field 20140310181722.0
008 - FIXED-LENGTH DATA ELEMENTS--GENERAL INFORMATION
fixed length control field 130306t xxu||||| |||| 00| 0 eng d
020 ## - INTERNATIONAL STANDARD BOOK NUMBER
International Standard Book Number 0750663685 (pbk.)
050 ## - LIBRARY OF CONGRESS CALL NUMBER
Classification number HD 30.28
Item number .W256 2005
082 ## - DEWEY DECIMAL CLASSIFICATION NUMBER
Classification number IB 658.4012
Item number W21 2005
100 ## - MAIN ENTRY--PERSONAL NAME
Personal name Ward, Keith.
245 ## - TITLE STATEMENT
Title Designing world class corporate strategies :
Remainder of title value-creating roles for corporate centres /
Statement of responsibility, etc Keith Ward, Cliff Bowman and Andrew Kakabadse.
260 ## - PUBLICATION, DISTRIBUTION, ETC. (IMPRINT)
Place of publication, distribution, etc Amsterdam, Boston:
Name of publisher, distributor, etc Elsevier Butterworth-Heinemann,
Date of publication, distribution, etc 2005.
300 ## - PHYSICAL DESCRIPTION
Extent xii, 299 p. :
Other physical details ill. ;
Dimensions 25 cm.
650 ## - SUBJECT ADDED ENTRY--TOPICAL TERM
Topical term or geographic name as entry element Corporations (Strategic management).
650 ## - SUBJECT ADDED ENTRY--TOPICAL TERM
Topical term or geographic name as entry element Strategic planning
650 ## - SUBJECT ADDED ENTRY--TOPICAL TERM
Topical term or geographic name as entry element International Baccalaureate.
942 ## - ADDED ENTRY ELEMENTS (KOHA)
Source of classification or shelving scheme Library of Congress Classification
Koha item type Books
Holdings
Withdrawn status Lost status Source of classification or shelving scheme Damaged status Home library Current library Shelving location Date acquired Total Checkouts Full call number Barcode Date last seen Copy number Price effective from Koha item type
    Library of Congress Classification   Luxembourg Library Luxembourg Library International Baccalaureate Section 03/06/2013   HD 30.28 .W256 2005 13693 08/13/2013 1 10/03/2013 Books

Designing world class corporate strategies :

APA

Ward K., . (2005). Designing world class corporate strategies. Amsterdam, Boston: Elsevier Butterworth-Heinemann.

Chicago

Ward Keith, . 2005. Designing world class corporate strategies. Amsterdam, Boston: Elsevier Butterworth-Heinemann.

Harvard

Ward K., . (2005). Designing world class corporate strategies. Amsterdam, Boston: Elsevier Butterworth-Heinemann.

MLA

Ward Keith, . Designing world class corporate strategies. Amsterdam, Boston: Elsevier Butterworth-Heinemann. 2005.

  • Place hold
  • Print
  • Cite
  • Add to your cart (remove)
  • Save record
    BIBTEX Dublin Core MARCXML MARC (non-Unicode/MARC-8) MARC (Unicode/UTF-8) MARC (Unicode/UTF-8, Standard) MODS (XML) RIS
  • More searches
    Search for this title in:
    Other Libraries (WorldCat) Other Databases (Google Scholar) Online Stores (Bookfinder.com) Open Library (openlibrary.org)

Exporting to Dublin Core...

SOUTHVILLE LIBRARY

Southville International School and Colleges Library

1281 Tropical Ave. Cor. Luxembourg St., BF Homes International, Las Pinas City

Tel. No. 8256374 / 252358 Loc. 117/146

Powered by Koha